Normal view
MARC view
Entry Personal Name
001 - CONTROL NUMBER
- control field: 67442
003 - CONTROL NUMBER IDENTIFIER
- control field: dpl
005 - DATE AND TIME OF LATEST TRANSACTION
- control field: 20240612164609.0
008 - FIXED-LENGTH DATA ELEMENTS
- fixed length control field: 240612|| aca||aabn | a|a d
040 ## - CATALOGING SOURCE
- Original cataloging agency: dpl
- Transcribing agency: dpl
100 ## - HEADING--PERSONAL NAME
- Personal name: Khanpur, R.S
670 ## - SOURCE DATA FOUND
- Source citation: Work cat.: (dpl)203568: Khanpur, R.S, Handbook of BIomedical Instrumentation/, 2024
